|
|
|
|
| LEADER |
00000nam0a2200000 4500 |
| 001 |
56085 |
| 005 |
20231101211600.0 |
| 010 |
|
|
|a 5887824123
|
| 035 |
|
|
|a (RuTPU)RU\TPU\book\58876
|
| 090 |
|
|
|a 56085
|
| 100 |
|
|
|a 20030924d2003 m y0rusy50 ca
|
| 101 |
1 |
|
|a rus
|
| 102 |
|
|
|a RU
|
| 105 |
|
|
|a a j 001zd
|
| 200 |
1 |
|
|a Теории личности. Основные положения, исследования и применение
|e пер. с англ.
|e учебное пособие
|f Л. Хьелл, Д. Зиглер
|
| 210 |
|
|
|a СПб.
|c Питер
|d 2003
|
| 215 |
|
|
|a 608 с.
|c ил.
|
| 225 |
1 |
|
|a Мастера психологии
|
| 320 |
|
|
|a Библиография в конце глав.
|
| 451 |
|
1 |
|0 (RuTPU)RU\TPU\book\108965
|y 5-88782-412-3
|t Теория личности. Основные положения, исследования и применение
|o пер. с англ.
|o учебное пособие для вузов
|f Л. Хьелл, Д. Д. Зиглер
|e 3-е изд.
|c СПб.
|n Питер
|d 2006
|p 607 с.
|a Хьелл, Ларри
|
| 451 |
|
1 |
|0 (RuTPU)RU\TPU\book\26858
|y 5-88782-412-3
|t Теория личности
|o Основные положения, исследования и применение
|f Л. Хьелл, Д. Зиглер
|e 2-е изд., испр.
|c СПб.
|n Питер
|d 2000
|p 608 с.
|s Мастера психологии
|a Хьелл, Ларри А.
|
| 600 |
|
1 |
|a Адлер
|g Альфред
|b А.
|f 1870-1937
|c австрийский врач-психиатр и психолог
|2 stltpui
|3 (RuTPU)RU\TPU\pers\999
|
| 600 |
|
1 |
|a Бандура
|g Альберт
|b А.
|f 1925-1988
|c американский психолог
|2 stltpui
|3 (RuTPU)RU\TPU\pers\1557
|
| 600 |
|
1 |
|a Юнг
|g Карл Густав
|b К. Г.
|f 1875-1961
|c швейцарский психолог
|c философ
|2 stltpui
|3 (RuTPU)RU\TPU\pers\987
|
| 600 |
|
1 |
|a Эриксон
|g Эрик Хомбергер
|b Э. Х.
|f 1902-1994
|c американский психолог
|c психоаналитик
|2 stltpui
|3 (RuTPU)RU\TPU\pers\1931
|
| 600 |
|
1 |
|a Фромм
|g Эрих
|b Э.
|c немецко-американский философ
|c психолог
|c социолог
|f 1900 - 1980
|2 stltpui
|3 (RuTPU)RU\TPU\pers\515
|
| 600 |
|
1 |
|a Фрейд
|g Зигмунд
|b З.
|f 1856 - 1939
|c австрийский врач-психиатр
|c психолог
|c основатель психоанализа
|2 stltpui
|3 (RuTPU)RU\TPU\pers\479
|
| 600 |
|
1 |
|a Роджерс
|b К. Р.
|c американский психолог
|f 1902 - 1987
|g Карл Рэнсом
|2 stltpui
|3 (RuTPU)RU\TPU\pers\1029
|9 455
|
| 600 |
|
1 |
|a Маслоу
|b А.
|c американский психолог
|g Абрахам
|c экономист
|f 1908 - 1970
|2 stltpush
|3 (RuTPU)RU\TPU\pers\7219
|
| 600 |
|
1 |
|a Айзенк
|g Ганс Юрген
|b Г. Ю.
|c английский психолог немецкого происхождения
|f 1916 - 1997
|2 stltpui
|3 (RuTPU)RU\TPU\pers\1028
|
| 600 |
|
1 |
|a Келли
|g Джордж Александер
|c американский психолог
|f 1905 - 1966
|b Д. А.
|2 stltpui
|3 (RuTPU)RU\TPU\pers\215
|
| 600 |
|
1 |
|a Скиннер
|b Б. Ф.
|f 1905 - 1990
|c американский психолог
|g Беррес (Берхауз) Фредерик
|2 stltpush
|3 (RuTPU)RU\TPU\pers\5517
|
| 610 |
1 |
|
|a психология
|
| 610 |
1 |
|
|a личность
|
| 610 |
1 |
|
|a теория
|
| 610 |
1 |
|
|a исследование
|
| 610 |
1 |
|
|a феноменология
|
| 610 |
1 |
|
|a гуманистическая психология
|
| 610 |
1 |
|
|a бихевиоризм
|
| 610 |
1 |
|
|a учебные пособия
|
| 686 |
|
|
|a Ю937я73
|v LBC/SL-A
|2 rubbk
|
| 700 |
|
1 |
|a Хьелл
|b Л.
|
| 701 |
|
1 |
|a Зиглер
|b Д.
|
| 801 |
|
1 |
|a RU
|b 63413507
|c 20030924
|g PSBO
|
| 801 |
|
2 |
|a RU
|b 63413507
|c 20030928
|g PSBO
|
| 801 |
|
2 |
|a RU
|b 63413507
|c 20140325
|g PSBO
|
| 900 |
|
|
|a Психология личности
|
| 942 |
|
|
|c BK
|
| 951 |
|
|
|a 521000
|b 030300
|